01605 a2200193 45000010006000000050017000060080041000230030015000640400040000790800078001192450048001970200022002452640043002673000019003105050913003291000032012427000025012748560112012991362920260407155443.0260407a2008 arg spa dAR-UNSa-BCEJYS aAR-UNSa-BCEJYSbspacAR-UNSa-BCEJYS a336.226.1xImpuestos a las ganancias o los beneficios (Impuesto Diferido)10aGanancias 2008pactualización y novedades a978-987-1140-98-5 1aBuenos Aires :bOsmar D. Buyattic2008 a197 p.c28 cm. a1.Impuesto a las ganancias 2008 novedades - 2.Impuesto sobre los bienes personales 2008 novedades - 3.Impuesto a la ganancia minima presunta 2008 novedades - 4.Rentas en relación de dependencia, modificaciones al regimen de retención - 5.Aplicativos gananciales y bienes personales - 6.Impuesto a las ganancias preguntas frecuentes - 7.Impuesto sobre los bienes personales preguntas frecuentes - 8.Esquema de liquidación para personas fisicas y sucesiones indivisas - 9.El cierre de la declaración jurada del impuesto a las ganancias y el cuadro de justificacion patrimonial - 10.Bienes personales acciones y participaciones sociales responsables sustitutos - 11.Fideicomisos no financieros tratamiento en el impuesto sobre los bienes personales - 12.Liquidacion del impuesto a las ganancias y sobre los bienes personales caso practico - 13.Datos utiles para la liquidación del periodo fiscal 2008.1 aRodríguez, Marcelo Daniel1 aCaranta, Martín R.41uhttps://biblioeco.unsa.edu.ar/pmb/images/libros/Ganancias 2008 2-l118581.jpgyImagen de portadaqimage/jpeg